000 00392nam a2200145Ia 4500
008 230917s9999||||xx |||||||||||||| ||und||
040 _e34974
_aMAIN
041 _aEnglish
082 _a341.23 K527E
100 _aKhanna, Gopesh Nath
245 0 _aEnvironmental problems and the United Nations
260 _aNew Delhi
_bAshish Publishing House
_c1990
300 _aviii, 204 p.
942 _cBK
999 _c67463
_d67463